MARC details
| 000 -LEADER |
| fixed length control field |
02066naa a2200469 i 4500 |
| 003 - CONTROL NUMBER IDENTIFIER |
| control field |
EG-GICUC |
| 005 - DATE AND TIME OF LATEST TRANSACTION |
| control field |
20260121101439.0 |
| 008 - FIXED-LENGTH DATA ELEMENTS--GENERAL INFORMATION |
| fixed length control field |
251207s1928 fr o|||fr|||| 001 0 fre d |
| 040 ## - CATALOGING SOURCE |
| Original cataloging agency |
EG-GiCUC |
| Language of cataloging |
fre |
| Transcribing agency |
EG-GiCUC |
| Modifying agency |
EG-GiCUC |
| Description conventions |
Rda |
| 041 ## - LANGUAGE CODE |
| Language code of text/sound track or separate title |
fre |
| 082 04 - DEWEY DECIMAL CLASSIFICATION NUMBER |
| Edition number |
21 |
| Classification number |
341.1 |
| Item number |
RE |
| 092 04 - LOCALLY ASSIGNED DEWEY CALL NUMBER (OCLC) |
| Edition number |
21 |
| 099 ## - LOCAL FREE-TEXT CALL NUMBER (OCLC) |
| Classification number |
Law1 11 341.1 RE 1928 |
| 245 00 - TITLE STATEMENT |
| Title |
Recueil des cours. |
| Number of part/section of a work |
1926, Tome 15. |
| 264 #1 - PRODUCTION, PUBLICATION, DISTRIBUTION, MANUFACTURE, AND COPYRIGHT NOTICE |
| Place of production, publication, distribution, manufacture |
Paris : |
| Name of producer, publisher, distributor, manufacturer |
Hachette, |
| Date of production, publication, distribution, manufacture, or copyright notice |
1928. |
| 300 ## - PHYSICAL DESCRIPTION |
| Extent |
667 page : |
| Other physical details |
Photographs ; |
| Dimensions |
24 cm. |
| 336 ## - CONTENT TYPE |
| Source |
rda contenu |
| Content type term |
texte |
| 337 ## - MEDIA TYPE |
| Source |
rda medias |
| Media type term |
Ordinateur |
| 338 ## - CARRIER TYPE |
| Source |
transporteur rda |
| Carrier type term |
Ressource en ligne |
| 490 1# - SERIES STATEMENT |
| Series statement |
Académie de droit international ; |
| Volume/sequential designation |
1926, t.15. |
| 500 ## - GENERAL NOTE |
| General note |
"1926 V." |
| 500 ## - GENERAL NOTE |
| General note |
At head of title: Académie de droit international. |
| 504 ## - BIBLIOGRAPHY, ETC. NOTE |
| Bibliography, etc. note |
Includes bibliographical references and index. |
| 505 ## - FORMATTED CONTENTS NOTE |
| Formatted contents note |
Contient les cours de l'Académie y compris : |
| Title |
Le régime international des ports / |
| Statement of responsibility |
par Rudolf Laun -- |
| Title |
La répression de la piraterie / |
| Statement of responsibility |
par Vespasien Pella -- |
| Title |
L'organisation économique de la paix / |
| Statement of responsibility |
par Edgar Milhaud -- |
| Title |
La conception du droit international privé d'après la doctrine et la pratique en Allemagne / |
| Statement of responsibility |
par Walter Simons -- |
| Title |
La conclusion et la rédaction des traités et des instruments diplomatiques autres que les traités / |
| Statement of responsibility |
par Jules Basdevant. |
| 546 ## - LANGUAGE NOTE |
| Language note |
Texte en français |
| 650 14 - SUBJECT ADDED ENTRY--TOPICAL TERM |
| Topical term or geographic name entry element |
Droit international |
| Source of heading or term |
qrmak |
| 650 14 - SUBJECT ADDED ENTRY--TOPICAL TERM |
| Topical term or geographic name entry element |
Droit de la mer |
| Source of heading or term |
qrmak |
| 650 14 - SUBJECT ADDED ENTRY--TOPICAL TERM |
| Topical term or geographic name entry element |
Droit international économique |
| Source of heading or term |
qrmak |
| 650 14 - SUBJECT ADDED ENTRY--TOPICAL TERM |
| Topical term or geographic name entry element |
Paix |
| Source of heading or term |
qrmak |
| 650 1# - SUBJECT ADDED ENTRY--TOPICAL TERM |
| Topical term or geographic name entry element |
Droit international privé |
| Source of heading or term |
qrmak |
| 651 1# - SUBJECT ADDED ENTRY--GEOGRAPHIC NAME |
| Source of heading or term |
qrmak |
| 700 1# - ADDED ENTRY--PERSONAL NAME |
| Personal name |
Laun, Rudolf, |
| Dates associated with a name |
1882-1975, |
| Relator term |
Auteur |
| 700 1# - ADDED ENTRY--PERSONAL NAME |
| Personal name |
Pella, Vespasien V., |
| Dates associated with a name |
1897-1952, |
| Relator term |
Auteur |
| 700 1# - ADDED ENTRY--PERSONAL NAME |
| Personal name |
Milhaud, Edgard, |
| Dates associated with a name |
1873-1964, |
| Relator term |
Auteur |
| 700 1# - ADDED ENTRY--PERSONAL NAME |
| Personal name |
Simons, Walter, |
| Dates associated with a name |
1861-1937, |
| Relator term |
Auteur |
| 700 1# - ADDED ENTRY--PERSONAL NAME |
| Personal name |
Basdevant, Jules, |
| Dates associated with a name |
1877-1968, |
| Relator term |
Auteur |
| 710 ## - ADDED ENTRY--CORPORATE NAME |
| Corporate name or jurisdiction name as entry element |
ACADÉMIE DE DROIT INTERNATIONAL. |
| 830 #0 - SERIES ADDED ENTRY--UNIFORM TITLE |
| Uniform title |
recueil des cours ; |
| Volume/sequential designation |
1926, t.15. |
| 856 40 - ELECTRONIC LOCATION AND ACCESS |
| Uniform Resource Identifier |
<a href="https://fll.law.cu.edu.eg/fulltext/bks/B11-05030.pdf">https://fll.law.cu.edu.eg/fulltext/bks/B11-05030.pdf</a> |
| 905 ## - Cataloger and Reviser Names |
| Cataloger Name: |
Rawan khaled |
| Revisor Name: |
Hassnaa |
| 942 ## - ADDED ENTRY ELEMENTS (KOHA) |
| Source of classification or shelving scheme |
Dewey Decimal Classification |
| Suppress in OPAC |
No |
| Koha item type |
Books |
| Edition |
21 |